000 00552nam a2200169Ia 4500
001 10614
005 20260306161845.0
008 260306t9999||||xx |||||||||||||| ||spa||
041 _aESP
082 _a944.05
_bL13 T. 1
100 _aLacroix, Désiré
_eAUT
245 0 _aMemorias para servir e ilustrar la historia de Francia bajo el reinado de Napoleón, escritas en Santa Elena y dictadas por el emperador a los generales que participaron de su cautividad
300 _a
_c19 cm.
650 _aGEN
654 _aCHU
942 _cLIB
_dJUS
_fJUS
_2ddc
_n
999 _c10614
_d10614